| 000 | 00346nam a2200133Ia 4500 | ||
|---|---|---|---|
| 008 | 231017s9999 xx 000 0 und d | ||
| 082 | _a388.40994 | ||
| 082 | _bKAR | ||
| 245 | 0 | _aAustroads Research Report: Tools that Impact Network Performance: Summary Report | |
| 245 | 0 | _cAUSTROADS | |
| 260 | _bAUSTROADS | ||
| 300 | _c30cm | ||
| 942 | _cREP | ||
| 999 |
_c604189 _d604189 |
||